Two Degrees of Separation - Iran Quiz Stats

 Plays Quiz Updated Oct 17, 2018

Also try: Iran's Borders
Challenge
Share
Tweet
Embed
Score 0/13 Timer 02:00
3 Plays Today
% Correct
India
86.6%
Saudi Arabia
85.6%
Syria
85.1%
Russia
83.2%
Jordan
80.5%
Kuwait
76.6%
China
74.4%
Uzbekistan
71.7%
Georgia
70.1%
Tajikistan
67.5%
Kazakhstan
67.5%
Greece
45.7%
Bulgaria
39.6%

You're not logged in!

Compare scores with friends on all Sporcle quizzes.
Join for Free
OR
Log In

You Might Also Like...

Show Comments

Extras

Top Quizzes Today


Score Distribution

Your Account Isn't Verified!

In order to create a playlist on Sporcle, you need to verify the email address you used during registration. Go to your Sporcle Settings to finish the process.

Report this User

Report this user for behavior that violates our Community Guidelines.

Details: